[Event "Oslo op-A"]
[Site "Oslo"]
[Date "2014.09.30"]
[Round "3"]
[White "Wieweg, Johnny"]
[Black "Goossens, Hanne"]
[Result "1-0"]
[WhiteElo "2140"]
[BlackElo "2187"]
[PlyCount "119"]
[EventDate "2014.09.28"]
[EventType "swiss"]
[EventRounds "9"]
[EventCountry "NOR"]
[SourceTitle "CBM 162 Extra"]
[Source "ChessBase"]
[SourceDate "2014.10.17"]
[SourceVersion "1"]
[SourceVersionDate "2014.10.17"]
[SourceQuality "1"]

1. e4 c5 2. Nc3 Nc6 3. Bb5 Nd4 4. Nf3 g6 5. Nxd4 cxd4 6. Ne2 Nf6 7. e5 Ng4 8. Nxd4 Nxe5 9. Nf3 Bg7 10. 0-0 0-0 11. Re1 Qc7 12. Nxe5 Bxe5 13. g3 Bf6 14. c3 e5 15. Qf3 Bg7 16. d3 d6 17. Bc4 Bd7 18. Bd5 Bc6 19. Be3 Rae8 20. a4 Kh8 21. a5 a6 22. Bb6 Qd7 23. c4 f5 24. Rac1 e4 25. dxe4 fxe4 26. Qd1 Bxb2 27. Bd4+ Bxd4 28. Qxd4+ Qg7 29. Rxe4 Rxe4 30. Qxe4 Qf6 31. Rc2 Re8 32. Qd3 Kg7 33. Rd2 Bxd5 34. Qxd5 Re7 35. Qxd6 Qxd6 36. Rxd6 Rc7 37. Rb6 Kh6 38. Rb4 Kg5 39. Kg2 h5 40. f4+ Kf5 41. Kf3 Rd7 42. Rb3 Rc7 43. h3 Rd7 44. g4+ hxg4+ 45. hxg4+ Kf6 46. Rb6+ Kf7 47. Kg3 Rc7 48. Kh4 Kg7 49. Kg5 Rc5+ 50. f5 gxf5 51. Rxb7+ Kf8 52. gxf5 Rxa5 53. Kg6 Ra1 54. Rb8+ Ke7 55. f6+ Ke6 56. Re8+ Kd7 57. f7 Rg1+ 58. Kh5 Rh1+ 59. Kg4 Rg1+ 60. Kh3 1-0

[Event "SWE-chT 1314"]
[Site "Sweden"]
[Date "2014.03.08"]
[Round "8.5"]
[White "Penalver, Osmani"]
[Black "Wieweg, Johnny"]
[Result "1-0"]
[WhiteElo "2258"]
[BlackElo "2183"]
[PlyCount "79"]
[EventDate "2013.11.22"]
[EventType "team-tourn"]
[EventRounds "9"]
[EventCountry "SWE"]
[SourceTitle "EXT 2015"]
[Source "ChessBase"]
[SourceDate "2014.11.20"]
[SourceVersion "1"]
[SourceVersionDate "2014.11.20"]
[SourceQuality "1"]
[WhiteTeam "Limhamn"]
[BlackTeam "Farsta"]
[WhiteTeamCountry "SWE"]
[BlackTeamCountry "SWE"]

1. d4 Nf6 2. c4 e5 3. dxe5 Ng4 4. Nf3 Bc5 5. e3 Nc6 6. a3 a5 7. Bd2 0-0 8. Bc3 Qe7 9. Bd3 Ncxe5 10. Nxe5 Nxe5 11. Bxh7+ Kxh7 12. Qh5+ Kg8 13. Qxe5 Qxe5 14. Bxe5 d6 15. Bc3 a4 16. Nd2 Be6 17. h4 d5 18. h5 dxc4 19. h6 f6 20. hxg7 Kxg7 21. Ne4 Be7 22. Ng5 Bg8 23. g4 b5 24. Nh3 c5 25. g5 b4 26. gxf6+ Bxf6 27. Bxf6+ Rxf6 28. Nf4 Rb6 29. Rg1+ Kh7 30. 0-0-0 Ra7 31. Rg5 c3 32. Rh1+ Rh6 33. Rxh6+ Kxh6 34. Rxg8 cxb2+ 35. Kxb2 Rd7 36. Kc2 b3+ 37. Kc3 Rd1 38. Nd3 Ra1 39. Rg4 Rxa3 40. Nb2 1-0

[Event "SWE-chT 1314"]
[Site "Sweden"]
[Date "2014.03.07"]
[Round "7.4"]
[White "Sagit, Rauan"]
[Black "Wieweg, Johnny"]
[Result "0-1"]
[WhiteElo "2361"]
[BlackElo "2183"]
[PlyCount "84"]
[EventDate "2013.11.22"]
[EventType "team-tourn"]
[EventRounds "9"]
[EventCountry "SWE"]
[SourceTitle "EXT 2015"]
[Source "ChessBase"]
[SourceDate "2014.11.20"]
[SourceVersion "1"]
[SourceVersionDate "2014.11.20"]
[SourceQuality "1"]
[WhiteTeam "Stockholm Viking"]
[BlackTeam "Farsta"]
[WhiteTeamCountry "SWE"]
[BlackTeamCountry "SWE"]

1. e4 e5 2. Nf3 Nc6 3. Bb5 g6 4. 0-0 Bg7 5. c3 d6 6. d4 Bd7 7. Re1 a6 8. Ba4 b5 9. Bb3 Nf6 10. h3 0-0 11. a4 h6 12. Na3 Re8 13. axb5 axb5 14. dxe5 dxe5 15. Bd2 Na5 16. Bc2 c5 17. Qe2 c4 18. Rad1 Qc8 19. Be3 Ra6 20. Nh2 g5 21. Nf1 Bf8 22. Ra1 Nb7 23. Ng3 Nc5 24. h4 Ne6 25. Nf5 Nf4 26. Bxf4 gxf4 27. Rad1 Bxf5 28. exf5 Bxa3 29. bxa3 Qc5 30. a4 bxa4 31. Rb1 e4 32. Rb4 e3 33. f3 Rc8 34. Be4 Rd6 35. Ra1 Rd2 36. Qe1 Nxe4 37. fxe4 Qe5 38. Rd1 Qxc3 39. Rxa4 Qc2 40. Rda1 Rxg2+ 41. Kf1 Rh2 42. R4a2 Rh1# 0-1

[Event "SWE-chT2 1213"]
[Site "Sweden"]
[Date "2012.10.21"]
[Round "2"]
[White "Larsson, Patric"]
[Black "Wieweg, Johnny"]
[Result "1/2-1/2"]
[WhiteElo "2041"]
[BlackElo "2178"]
[PlyCount "52"]
[EventDate "2012.10.20"]
[EventType "team-tourn"]
[EventRounds "9"]
[EventCountry "SWE"]
[SourceTitle "EXT 2015"]
[Source "ChessBase"]
[SourceDate "2014.11.20"]
[SourceVersion "1"]
[SourceVersionDate "2014.11.20"]
[SourceQuality "1"]
[WhiteTeam "Orebro"]
[BlackTeam "Farsta"]
[WhiteTeamCountry "SWE"]
[BlackTeamCountry "SWE"]

1. e4 e5 2. Nf3 Nc6 3. Bb5 f5 4. d3 fxe4 5. dxe4 Nf6 6. Qd3 Bc5 7. 0-0 d6 8. Bg5 0-0 9. Bxc6 bxc6 10. Qc4+ Kh8 11. Nxe5 Qe8 12. Bxf6 Rxf6 13. Nd3 Bb6 14. e5 dxe5 15. Nd2 Bf5 16. a4 Rh6 17. Rfe1 Qh5 18. Nf1 Rf8 19. Nc5 e4 20. a5 Be6 21. Nxe6 Rxf2 22. axb6 Rxg2+ 23. Kxg2 Qf3+ 24. Kg1 Rg6+ 25. Ng3 Rxg3+ 26. hxg3 Qxg3+ 1/2-1/2

[Event "SWE-chT2 1112"]
[Site "Sweden"]
[Date "2012.02.04"]
[Round "5"]
[White "Wieweg, Johnny"]
[Black "Scheid, Adam"]
[Result "0-1"]
[WhiteElo "2214"]
[BlackElo "1938"]
[PlyCount "86"]
[EventDate "2011.10.22"]
[EventType "team-tourn"]
[EventRounds "9"]
[EventCountry "SWE"]
[SourceTitle "EXT 2013"]
[Source "ChessBase"]
[SourceDate "2012.11.22"]
[SourceVersion "1"]
[SourceVersionDate "2012.11.22"]
[SourceQuality "1"]
[WhiteTeam "Farsta"]
[BlackTeam "Burgsvik Alva"]
[WhiteTeamCountry "SWE"]
[BlackTeamCountry "SWE"]

1. e4 c5 2. Nf3 Nc6 3. c3 d5 4. exd5 Qxd5 5. d4 Bg4 6. Be2 e6 7. 0-0 Nf6 8. Be3 Rd8 9. Qa4 cxd4 10. cxd4 Bb4 11. a3 Ba5 12. Nc3 Bxc3 13. bxc3 0-0 14. Rab1 Ne4 15. Qc2 Bf5 16. Bd3 Nd6 17. Nd2 Bxd3 18. Qxd3 Ne5 19. Qe2 Nec4 20. Bf4 Nxd2 21. Qxd2 Nc4 22. Qa2 Rc8 23. a4 b6 24. Rfe1 Ne3 25. Qxd5 Nxd5 26. Bd2 Nxc3 27. Rb3 Nd5 28. a5 Rc2 29. Rd1 Rfc8 30. g3 Ra2 31. axb6 axb6 32. Kg2 h6 33. Kf3 Rcc2 34. Be1 Kf8 35. Ke4 Ke7 36. h4 h5 37. f4 g6 38. Kd3 Re2 39. Bb4+ Kd7 40. Bd2 Rg2 41. Be1 Rge2 42. Bd2 Rf2 43. Be1 Rf3+ 0-1

[Event "SWE-chT2 1112"]
[Site "Sweden"]
[Date "2011.10.23"]
[Round "2"]
[White "Lind, Jan Olov"]
[Black "Wieweg, Johnny"]
[Result "1-0"]
[WhiteElo "2219"]
[BlackElo "2214"]
[PlyCount "73"]
[EventDate "2011.10.22"]
[EventType "team-tourn"]
[EventRounds "9"]
[EventCountry "SWE"]
[SourceTitle "EXT 2013"]
[Source "ChessBase"]
[SourceDate "2012.11.22"]
[SourceVersion "1"]
[SourceVersionDate "2012.11.22"]
[SourceQuality "1"]
[WhiteTeam "Orebro"]
[BlackTeam "Farsta"]
[WhiteTeamCountry "SWE"]
[BlackTeamCountry "SWE"]

1. e4 e5 2. Nf3 Nc6 3. Be2 Nf6 4. d3 d5 5. Nbd2 Be7 6. 0-0 0-0 7. h3 Be6 8. c3 h6 9. Re1 Qd7 10. Bf1 dxe4 11. dxe4 Rad8 12. b4 Bd6 13. Nh4 Ne7 14. Qf3 Kh7 15. Nc4 Ne8 16. Ne3 g6 17. a3 Ng8 18. Bb2 Qe7 19. g3 Qf6 20. Qe2 c6 21. c4 g5 22. Nhf5 Bc7 23. Ng4 Qh8 24. Rad1 Rxd1 25. Rxd1 f6 26. c5 Kg6 27. b5 Bc8 28. bxc6 bxc6 29. Qc4 Ng7 30. Nd6 Ne7 31. Nxc8 Rxc8 32. Qa6 Bb8 33. Rd7 Qe8 34. Qb7 Kf7 35. Nxh6+ Kf8 36. Ng4 Rd8 37. Nxf6 1-0

[Event "SWE-chT 1011"]
[Site "Sweden"]
[Date "2011.03.12"]
[Round "10"]
[White "Goransson, Michael"]
[Black "Wieweg, Johnny"]
[Result "1-0"]
[WhiteElo "2033"]
[BlackElo "2236"]
[PlyCount "114"]
[EventDate "2010.10.08"]
[EventType "team-tourn"]
[EventRounds "11"]
[EventCountry "SWE"]
[SourceTitle "EXT 2012"]
[Source "ChessBase"]
[SourceDate "2011.11.24"]
[SourceVersion "1"]
[SourceVersionDate "2011.11.24"]
[SourceQuality "1"]
[WhiteTeam "Orgryte"]
[BlackTeam "Farsta"]
[WhiteTeamCountry "SWE"]
[BlackTeamCountry "SWE"]

1. d4 Nf6 2. Nf3 g6 3. Bg5 Bg7 4. Nbd2 d5 5. e3 0-0 6. Bd3 c5 7. c3 Nbd7 8. 0-0 b6 9. Qe2 Bb7 10. a4 Ne4 11. Bf4 Nxd2 12. Qxd2 f6 13. Qe2 e5 14. dxe5 fxe5 15. Bg5 Qe8 16. e4 d4 17. Nd2 h6 18. Bh4 Kh8 19. Rfe1 g5 20. Bg3 Qg6 21. Bb5 Bc6 22. Nc4 a6 23. Bxc6 Qxc6 24. cxd4 cxd4 25. h4 gxh4 26. Bxh4 Rac8 27. b3 Nc5 28. Qh5 Qe6 29. Bg3 Rfe8 30. a5 Nxb3 31. Nxb6 Nxa1 32. Nxc8 Nc2 33. Nd6 Rf8 34. Rc1 Qxd6 35. Rxc2 d3 36. Rd2 Qd4 37. Qd1 Rd8 38. Qf3 Qc3 39. Rd1 Qc2 40. Bh4 Rd6 41. Be7 Rd7 42. Bb4 Rd4 43. Be7 Rd7 44. Bb4 Rb7 45. Rxd3 Qc8 46. Bd2 Qe6 47. Rd5 Rf7 48. Qd3 Bf8 49. Be3 Kh7 50. Bb6 Rg7 51. Qf3 Rf7 52. Qg3 Bd6 53. Qd3 Bb4 54. Qxa6 Qc6 55. Qe2 Qc1+ 56. Kh2 Rf4 57. Qh5 Rf7 1-0

[Event "SWE-chT 0809"]
[Site "Sweden"]
[Date "2009.03.15"]
[Round "11"]
[White "Eriksson, Anders"]
[Black "Wieweg, Johnny"]
[Result "1/2-1/2"]
[WhiteElo "2367"]
[BlackElo "2203"]
[PlyCount "96"]
[EventDate "2008.10.25"]
[EventType "team-tourn"]
[EventRounds "11"]
[EventCountry "SWE"]
[SourceTitle "EXT 2011"]
[Source "ChessBase"]
[SourceDate "2010.11.26"]
[SourceVersion "1"]
[SourceVersionDate "2010.11.26"]
[SourceQuality "1"]

1. Nf3 Nf6 2. g3 g6 3. Bg2 Bg7 4. c4 0-0 5. 0-0 d5 6. cxd5 Nxd5 7. Nc3 Nc6 8. d4 Nb6 9. e3 e5 10. d5 Ne7 11. e4 h6 12. a4 a5 13. Qb3 Kh8 14. Be3 Ra6 15. Bc5 Nd7 16. Ba3 f5 17. Rfd1 c5 18. dxc6 bxc6 19. Bd6 Qe8 20. exf5 gxf5 21. Qa3 Rf7 22. Bf1 f4 23. Bxe7 fxg3 24. Nh4 gxf2+ 25. Kh1 c5 26. Bxc5 Bb7+ 27. Bg2 Bxg2+ 28. Kxg2 Qa8+ 29. Rd5 Nb6 30. Qb3 Nxd5 31. Qxd5 Qxd5+ 32. Nxd5 Rc6 33. Bxf2 Rc2 34. Rf1 e4 35. Ne3 Rxb2 36. Nhf5 Rb4 37. Bg3 Rxa4 38. Rd1 Ra2+ 39. Kh3 a4 40. Nxg7 Kxg7 41. Kg4 a3 42. Rd6 Ra7 43. Nf5+ Kf8 44. Kh5 Rg2 45. Kg6 Ra8 46. Rd7 Ra6+ 47. Nd6 a2 48. Rf7+ Kg8 1/2-1/2

[Event "SWE-chT 0809"]
[Site "Sweden"]
[Date "2009.03.14"]
[Round "10"]
[White "Jacobson, Erik"]
[Black "Wieweg, Johnny"]
[Result "1/2-1/2"]
[WhiteElo "2110"]
[BlackElo "2203"]
[PlyCount "167"]
[EventDate "2008.10.25"]
[EventType "team-tourn"]
[EventRounds "11"]
[EventCountry "SWE"]
[SourceTitle "EXT 2011"]
[Source "ChessBase"]
[SourceDate "2010.11.26"]
[SourceVersion "1"]
[SourceVersionDate "2010.11.26"]
[SourceQuality "1"]

1. e4 e5 2. Nf3 Nc6 3. Bb5 Nd4 4. Nxd4 exd4 5. 0-0 Bc5 6. d3 Qh4 7. Nd2 c6 8. Bc4 d6 9. Nf3 Qh5 10. Ng5 Qxd1 11. Bxf7+ Ke7 12. Rxd1 Nf6 13. Bb3 Rf8 14. h3 h6 15. Nf3 Nh5 16. Bd2 g5 17. Nh2 Kf6 18. Re1 Bd7 19. Re2 Rae8 20. Ree1 Kg6 21. a4 Rf6 22. Ng4 Rff8 23. Rab1 Nf4 24. Bxf4 Rxf4 25. f3 h5 26. Nh2 g4 27. g3 Rff8 28. hxg4 hxg4 29. f4 Rh8 30. Kg2 Rh3 31. Rh1 Reh8 32. Rbf1 Bb4 33. f5+ Kg5 34. Rf4 Rxg3+ 35. Kxg3 Rh3+ 36. Kg2 Kxf4 37. Rf1+ Kg5 38. f6 d5 39. f7 Rh8 40. exd5 Bd6 41. Rh1 Rf8 42. Rf1 c5 43. c4 Bf5 44. Rd1 Rxf7 45. Nf1 Re7 46. Kf2 Bf4 47. Bc2 a5 48. Rb1 Rh7 49. Re1 g3+ 50. Kg1 Bh3 51. Re8 Bxf1 52. Rg8+ Kf6 53. Rf8+ Ke5 54. Re8+ Kd6 55. Kxf1 Rh2 56. Re2 Rh6 57. Re6+ Rxe6 58. dxe6 Kxe6 59. Kg2 Kf5 60. Kf3 Kg5 61. Bd1 Kh4 62. Kg2 Bd2 63. Bf3 b6 64. Bd1 Be1 65. Bf3 Kg5 66. Kf1 Kf4 67. Ke2 Bd2 68. Bg2 Be3 69. Bd5 Bc1 70. b3 Bb2 71. Bc6 Bc3 72. Bd5 Kg4 73. Be6+ Kf4 74. Bd5 Bb4 75. Bc6 Kg4 76. Bd7+ Kf4 77. Bc6 Ba3 78. Bd5 Bc1 79. Bc6 Be3 80. Bd5 Bg1 81. Bc6 Kg4 82. Bd7+ Kf4 83. Bc6 Bf2 84. Bd5 1/2-1/2

[Event "SWE-chT 0304"]
[Site "Sweden"]
[Date "2004.??.??"]
[Round "7"]
[White "Lennart, Werner"]
[Black "Wieweg, Johnny"]
[Result "1/2-1/2"]
[WhiteElo "2201"]
[BlackElo "2182"]
[PlyCount "62"]
[EventDate "2003.10.??"]
[EventType "team"]
[EventRounds "11"]
[EventCountry "SWE"]
[SourceTitle "EXT 2005"]
[Source "ChessBase"]
[SourceDate "2004.11.15"]
[SourceVersion "1"]
[SourceVersionDate "2004.11.15"]
[SourceQuality "1"]
[WhiteTeam "Sodra"]
[BlackTeam "Farsta"]
[WhiteTeamCountry "SWE"]
[BlackTeamCountry "SWE"]

1. e4 e5 2. Nf3 Nc6 3. Nc3 g6 4. d4 exd4 5. Nxd4 Bg7 6. Be3 Nf6 7. Be2 0-0 8. Qd2 Re8 9. f3 d5 10. Nxc6 bxc6 11. Rd1 Be6 12. 0-0 dxe4 13. Qxd8 Rexd8 14. Rxd8+ Rxd8 15. fxe4 Nd7 16. Na4 Nb6 17. Nxb6 cxb6 18. b3 Bd4 19. Kf2 Bxe3+ 20. Kxe3 h5 21. Rd1 Rxd1 22. Bxd1 Kf8 23. Kf4 Ke7 24. Bf3 Kd6 25. a3 a5 26. Bd1 b5 27. c3 c5 28. e5+ Kc6 29. Ke3 Kd5 30. Kf4 Kc6 31. Ke3 Kd5 1/2-1/2

[Event "SWE-chT 0102"]
[Site "Sweden"]
[Date "2002.01.19"]
[Round "6"]
[White "Wieweg, Johnny"]
[Black "Soderberg, Per"]
[Result "1-0"]
[WhiteElo "2164"]
[BlackElo "2314"]
[PlyCount "63"]
[EventDate "2001.10.12"]
[EventType "team"]
[EventRounds "11"]
[EventCountry "SWE"]
[SourceTitle "EXT 2003"]
[Source "ChessBase"]
[SourceDate "2002.11.25"]
[SourceVersion "1"]
[SourceVersionDate "2002.11.25"]
[SourceQuality "1"]
[WhiteTeam "Farsta"]
[BlackTeam "Wasa"]
[WhiteTeamCountry "SWE"]
[BlackTeamCountry "SWE"]

1. e4 c5 2. Nf3 d6 3. Bb5+ Bd7 4. Bxd7+ Qxd7 5. 0-0 Nc6 6. b3 Nf6 7. Re1 g6 8. Bb2 Bg7 9. a4 0-0 10. Na3 e5 11. Nc4 Rad8 12. a5 Nh5 13. Ne3 Nf4 14. d3 Nd4 15. Nxd4 exd4 16. Nc4 f5 17. f3 fxe4 18. dxe4 Qe7 19. Qd2 h5 20. Rad1 h4 21. Bc1 h3 22. g3 Ng2 23. Rf1 d5 24. exd5 Rxd5 25. Qd3 Rdf5 26. Bd2 Ne3 27. Nxe3 dxe3 28. Bxe3 Rxf3 29. Qd5+ R3f7 30. Bxc5 Qe2 31. Bxf8 Bd4+ 32. Kh1 1-0

[Event "SWE-chT 0102"]
[Site "Sweden"]
[Date "2001.12.08"]
[Round "5"]
[White "Hedman, Erik"]
[Black "Wieweg, Johnny"]
[Result "1-0"]
[WhiteElo "2438"]
[BlackElo "2180"]
[PlyCount "149"]
[EventDate "2001.10.12"]
[EventType "team"]
[EventRounds "11"]
[EventCountry "SWE"]
[SourceTitle "EXT 2003"]
[Source "ChessBase"]
[SourceDate "2002.11.25"]
[SourceVersion "1"]
[SourceVersionDate "2002.11.25"]
[SourceQuality "1"]
[WhiteTeam "Stockholm Rockaden"]
[BlackTeam "Farsta"]
[WhiteTeamCountry "SWE"]
[BlackTeamCountry "SWE"]

1. d4 Nf6 2. c4 g6 3. Nc3 Bg7 4. e4 d6 5. Bd3 Nc6 6. Nge2 e5 7. d5 Nd4 8. Nxd4 exd4 9. Nb5 0-0 10. 0-0 a6 11. Nxd4 Nxd5 12. cxd5 Bxd4 13. Qa4 Bg7 14. Qb3 b6 15. Bd2 f5 16. exf5 Bxf5 17. Bxf5 Rxf5 18. Bc3 Qd7 19. Rac1 Raf8 20. Rc2 Qf7 21. Bxg7 Qxg7 22. Qc4 R8f7 23. Qxa6 Qd4 24. h3 Kg7 25. Qc8 Qxd5 26. Rxc7 Qxa2 27. Rxf7+ Qxf7 28. b4 b5 29. Rc1 Qf6 30. Qb7+ Kh6 31. Qa7 Qe5 32. h4 Rf4 33. g3 Rc4 34. Rd1 Rxb4 35. Qb6 Re4 36. Qxd6 Re1+ 37. Kh2 Qxd6 38. Rxd6 b4 39. Rb6 Rb1 40. Rb7 b3 41. g4 b2 42. Kg2 Rc1 43. Kg3 Rg1+ 44. Kf4 g5+ 45. hxg5+ Kg6 46. Rxb2 Ra1 47. Rb6+ Kg7 48. Re6 Ra7 49. f3 Rb7 50. Kf5 Rf7+ 51. Ke4 Ra7 52. f4 Rb7 53. f5 Rb4+ 54. Ke5 Rb5+ 55. Kf4 Rb4+ 56. Re4 Rb7 57. Rd4 Ra7 58. Rd6 Rb7 59. Ke5 Re7+ 60. Re6 Ra7 61. g6 h6 62. Rd6 Re7+ 63. Kd5 Re1 64. Rd7+ Kg8 65. f6 Rd1+ 66. Ke6 Re1+ 67. Kd6 Rd1+ 68. Kc7 Rc1+ 69. Kd8 Rf1 70. Rg7+ Kf8 71. Rf7+ Kg8 72. Ke8 Re1+ 73. Re7 Rf1 74. Rg7+ Kh8 75. Rh7+ 1-0

[Event "SWE-chT 0102"]
[Site "Sweden"]
[Date "2001.11.10"]
[Round "4"]
[White "Winge, Stefan"]
[Black "Wieweg, Johnny"]
[Result "1-0"]
[WhiteElo "2307"]
[BlackElo "2180"]
[PlyCount "49"]
[EventDate "2001.10.12"]
[EventType "team"]
[EventRounds "11"]
[EventCountry "SWE"]
[SourceTitle "EXT 2003"]
[Source "ChessBase"]
[SourceDate "2002.11.25"]
[SourceVersion "1"]
[SourceVersionDate "2002.11.25"]
[SourceQuality "1"]
[WhiteTeam "Sodra"]
[BlackTeam "Farsta"]
[WhiteTeamCountry "SWE"]
[BlackTeamCountry "SWE"]

1. e4 e5 2. Nf3 Nc6 3. d4 exd4 4. Nxd4 Nf6 5. Nxc6 bxc6 6. e5 Qe7 7. Qe2 Nd5 8. c4 Ba6 9. b3 g6 10. Bb2 Bg7 11. Qe4 f5 12. Qe2 0-0-0 13. g3 Rhe8 14. Bg2 Qb4+ 15. Kd1 Re6 16. f4 d6 17. Qf2 dxe5 18. cxd5 e4 19. Bxg7 Rxd5+ 20. Kc2 Bd3+ 21. Kb2 e3 22. Qe1 Qe7 23. Bxd5 Qxg7+ 24. Qc3 Qxc3+ 25. Kxc3 1-0

[Event "SWE-chT 9899"]
[Site "Sweden"]
[Date "1999.??.??"]
[Round "7"]
[White "Bjork, Carl Magnus"]
[Black "Wieweg, Johnny"]
[Result "1-0"]
[WhiteElo "2325"]
[BlackElo "2260"]
[PlyCount "85"]
[EventDate "1998.??.??"]
[EventType "team"]
[EventRounds "11"]
[EventCountry "SWE"]
[SourceTitle "EXT 2000"]
[Source "ChessBase"]
[SourceDate "1999.11.16"]
[SourceVersion "1"]
[SourceVersionDate "1999.11.16"]
[SourceQuality "1"]

1. d4 Nf6 2. c4 g6 3. Nc3 Bg7 4. Bg5 c5 5. d5 d6 6. e3 h6 7. Bh4 Qa5 8. Bd3 Nbd7 9. Nf3 g5 10. Bg3 Nh5 11. Qc2 Nxg3 12. hxg3 Ne5 13. Nxe5 Bxe5 14. f4 gxf4 15. gxf4 Bg7 16. Kf2 Bd7 17. Ne4 0-0-0 18. a3 Qc7 19. Rab1 e5 20. f5 Bxf5 21. Nxd6+ Rxd6 22. Bxf5+ Kb8 23. b4 Rf6 24. Ke2 Bf8 25. Be4 b6 26. d6 Rxd6 27. Bf3 Rg8 28. Qe4 Kc8 29. bxc5 Qxc5 30. Qb7+ Kd8 31. Qxf7 Rh8 32. Rhd1 Kc8 33. Rb5 Qc7 34. Qf5+ Qd7 35. Qe4 Rxd1 36. Bg4 Rd2+ 37. Kf3 Bc5 38. Qc6+ Kd8 39. Bxd7 Rf8+ 40. Ke4 Rxd7 41. Qxh6 Rg8 42. Qf6+ Kc8 43. Qc6+ 1-0

[Event "SWE-chT 9900"]
[Site "Sweden"]
[Date "1999.??.??"]
[Round "5"]
[White "Hedman, Erik"]
[Black "Wieweg, Johnny"]
[Result "1/2-1/2"]
[WhiteElo "2348"]
[BlackElo "2240"]
[PlyCount "58"]
[EventDate "1999.11.??"]
[EventType "team"]
[EventRounds "11"]
[EventCountry "SWE"]
[SourceTitle "EXT 2002"]
[Source "ChessBase"]
[SourceDate "2001.11.25"]
[SourceVersion "1"]
[SourceVersionDate "2001.11.25"]
[SourceQuality "1"]

1. d4 Nf6 2. c4 g6 3. Nc3 Bg7 4. e4 d6 5. Bd3 Nc6 6. Nge2 e5 7. d5 Nd4 8. Be3 Ng4 9. Bxd4 exd4 10. Nb5 c5 11. dxc6 bxc6 12. Nbxd4 Bxd4 13. Nxd4 Qf6 14. Nf3 Qxb2 15. 0-0 0-0 16. c5 dxc5 17. Qc1 Qxc1 18. Rfxc1 Rd8 19. Bc4 Re8 20. Bb3 Be6 21. Rxc5 Bxb3 22. axb3 Rxe4 23. h3 Nh6 24. Ne5 Re8 25. Nxc6 Nf5 26. Nxa7 Nd4 27. Rc8 Nxb3 28. Rxe8+ Rxe8 29. Rd1 Nc5 1/2-1/2

[Event "SWE-chT 9899"]
[Site "Sweden"]
[Date "1999.??.??"]
[Round "10"]
[White "Holst, Conny"]
[Black "Wieweg, Johnny"]
[Result "1-0"]
[WhiteElo "2294"]
[BlackElo "2204"]
[PlyCount "81"]
[EventDate "1998.??.??"]
[EventType "team"]
[EventRounds "11"]
[EventCountry "SWE"]
[SourceTitle "EXT 2000"]
[Source "ChessBase"]
[SourceDate "1999.11.16"]
[SourceVersion "1"]
[SourceVersionDate "1999.11.16"]
[SourceQuality "1"]

1. d4 Nf6 2. c4 g6 3. Nc3 Bg7 4. e4 d6 5. Be2 0-0 6. Nf3 e5 7. 0-0 Nc6 8. d5 Ne7 9. Ne1 Ne8 10. Be3 f5 11. f3 f4 12. Bf2 g5 13. a4 Rf6 14. Nd3 Rh6 15. c5 a6 16. a5 Kh8 17. cxd6 Nxd6 18. Nc5 Qe8 19. Kh1 Qh5 20. Bg1 Bf6 21. Rc1 Rb8 22. b4 Qe8 23. Qa4 Qf7 24. b5 axb5 25. Nxb5 Ng6 26. Nxc7 Nh4 27. N7e6 Qh5 28. Nd7 Nhf5 29. exf5 Nxf5 30. h3 Ng3+ 31. Kh2 Bxd7 32. Qxd7 Rg8 33. Rc8 Rhg6 34. Rfc1 Nxe2 35. Rxg8+ Rxg8 36. Rc8 Ng3 37. Rxg8+ Kxg8 38. Bc5 h6 39. Qc8+ Kf7 40. Qxb7+ Kg6 41. Nf8+ 1-0